000 00295nam a22001337a 4500
008 181107b xxu||||| |||| 00| 0 eng d
020 _a9780689313622
041 _aeng
080 _a521
100 _a42
101 _aAST
245 _aUnderstanding Radioactivity
_cMilne,M
942 _2udc
_cBK
999 _c52118
_d52118